00951nam a2200217 a 450000100100000000500170001000800410002702000180006804000250008624501470011126000280025830000210028649000290030750400730033670000440040971000610045371000610051483000360057595201050061199900170071600004324920250909091242.0140303s2011 sp 000 0 spa d a9788483471449 aDO-SdBNPbspacBNPHU00aCómo evaluar intervenciones de cultura y desarrollo II :buna propuesta de sistemas de indicadores /ccoordinador: Salvador Carrasco Arroyo. aMadrid :bAECID,c2011. a325 p. ;c23 cm.1 aCultura y Desarrollov13 aIncluye referencias bibliográficas y notas al pie de las páginas1 aCarrasco Arroyo, Salvadorecoor.9708512 aAgencia Española de Cooperación Internacional9345852 aAgencia Española de Cooperación Internacional934585 0aCultura y Desarrollov13970835 001050718MOaGRbGRcCTd2014-03-03iLF1l0o p43249-10r2020-06-25w2020-06-25y1ZNo se presta c42738d42738